|
|
|
|
| LEADER |
00000nam a2200000Ii 4500 |
| 001 |
DIGUNAU0006 |
| 003 |
NyNyDIG |
| 006 |
m o d |
| 007 |
cr ||||||||||| |
| 008 |
130301s2011 ck ob 000 0 spa d |
| 020 |
|
|
|z 9789588366272
|
| 020 |
|
|
|z 9588366275
|
| 035 |
|
|
|a (OCoLC)888283261
|
| 040 |
|
|
|a DGITA
|b eng
|e pn
|c DGITA
|
| 050 |
1 |
4 |
|a JC11 eBook
|
| 100 |
1 |
|
|a Estrada Villa, Armando.
|
| 245 |
1 |
0 |
|a El estado, ¿existe todavía? /
|c Armando Estrada Villa..
|
| 250 |
|
|
|a 1. ed.
|
| 264 |
|
1 |
|a Medellín, Colombia :
|b Ediciones Universidad Autónoma Latinoamericana (UNAULA),
|c 2011.
|
| 300 |
|
|
|a 1 online resource (1055 pages)
|
| 336 |
|
|
|a text
|b txt
|2 rdacontent
|
| 337 |
|
|
|a computer
|b c
|2 rdamedia
|
| 338 |
|
|
|a online resource
|b cr
|2 rdacarrier
|
| 490 |
1 |
|
|a Pensamiento latinoamericano
|
| 500 |
|
|
|a "Trabajo de tesis como requisito para optar al título de Doctor en Filosofía. Director de tesis PhD Carlos Alberto Patiño Villa. Universidad Pontificia Bolivariana, Escuela de Humanidades y Filosofía, Doctorado en Filosofía. Medellín, 2011".
|
| 504 |
|
|
|a Includes bibliographical references (p. 1041-1055).
|
| 520 |
|
|
|a "Esta investigación versa sobre el Estado de fines del siglo XX y comienzos del siglo XXI. Se ocupa de estudiar qué pasa con el Estado ante el empuje de la globalización y la aplicación de las teorías neoliberales. Analiza cuál puede ser su porvenir y cómo podría organizar su estructura y funciones en el futuro" (p.17).
|
| 650 |
|
0 |
|a State, The.
|
| 650 |
|
0 |
|a Political science.
|
| 655 |
|
0 |
|a Electronic books.
|
| 791 |
2 |
|
|a Digitalia (Firm),
|e distributor.
|
| 830 |
|
0 |
|a Pensamiento latinoamericano (Medellín, Colombia)
|
| 793 |
0 |
|
|g Digitalia eBook Collection:
|a Ediciones UNAULA.
|
| 856 |
4 |
0 |
|3 Digitalia Hispánica
|u https://www.digitaliapublishing.com/a/17414/
|
| 910 |
|
|
|a Premium Collection: 2007-2012
|